MARC

LEADER 00000nam0a2200000 4500
001 183895
005 20251215135236.0
035 |a (RuTPU)RU\TPU\book\199369 
090 |a 183895 
100 |a 20100824d1962 m y0rusy50 ca 
101 0 |a rus 
102 |a RU 
105 |a a j 001zy 
200 1 |a Сборник практических работ по физической и коллоидной химии  |f Новосибирский инженерно-строительный институт им. В. В. Куйбышева ; сост. Е. А. Крогиус, В. И. Рар ; под ред. П. П. Токарева 
210 |a Новосибирск  |c Изд-во НИСИ  |d 1962 
215 |a 120 с.  |c ил. 
320 |a Библиогр.: с. 115. 
606 1 |a Физическая химия  |2 stltpush  |3 (RuTPU)RU\TPU\subj\67669  |9 83390 
606 1 |a Коллоидная химия  |2 stltpush  |3 (RuTPU)RU\TPU\subj\68635  |9 83831 
610 1 |a практические работы 
610 1 |a криоскопия 
610 1 |a химическая кинетика 
610 1 |a электропроводность 
610 1 |a растворы 
610 1 |a адсорбция 
610 1 |a электрические свойства 
610 1 |a коагуляция 
610 1 |a седиментация 
610 1 |a набухание 
610 1 |a смачиваемость 
675 |a 544(076.5)  |v 3 
675 |a 544.7(076.5)  |v 3 
702 1 |a Крогиус  |b Е. А.  |4 220 
702 1 |a Рар  |b В. И.  |4 220 
702 1 |a Токарев  |b П. П.  |4 340 
712 0 2 |a Новосибирский инженерно-строительный институт им. В. В. Куйбышева  |c 1935-1993  |7 ca  |8 rus  |2 stltpush  |3 (RuTPU)RU\TPU\col\11898  |9 25287 
801 1 |a RU  |b 63413507  |c 20100824 
801 2 |a RU  |b 63413507  |c 20181227  |g RCR 
942 |c BK